Biografía musical de Viena

Guardat en:
Dades bibliogràfiques
Autors principals: Ewen, David (Autor), Ewen, Federico (Autor)
Format: Llibre
Idioma:espanyol
Publicat: Buenos Aires Emecé 1946
Matèries:
Etiquetes: Afegir etiqueta
Sense etiquetes, Sigues el primer a etiquetar aquest registre!

MARC

LEADER 00000nam a2200000 a 4500
001 UCN2428
003 CL-VaPUC
008 010518e19460000AG |||||||||||||||||spa|d
082 0 4 |a 780.943613  |b EWE  |2 21 
100 0 |a Ewen, David  |e author  |9 458286 
700 0 |a Ewen, Federico  |e author  |9 458287 
245 1 0 |a Biografía musical de Viena 
300 |a 391 p 
942 |c BK 
945 |d 20010518 00:00:00  |a crobeson 
260 |a Buenos Aires  |b Emecé  |c 1946 
650 0 |a Música vienesa  |9 458288 
650 7 |a MUSICA HISTORIA  |2 CL-VaPUC  |9 306301 
650 0 |a Música rococó  |9 456908 
650 7 |a STURM UND DRANG  |2 CL-VaPUC  |9 458289 
650 0 |a Romanticismo en la música  |9 306753 
583 |a last modification  |c 20010518 00:00:00  |k Rodrigo Vera 
999 |c 295529  |d 295527 
952 |0 0  |1 0  |4 0  |6 780_943613000000000_EWE_1946  |7 0  |8 A  |9 348763  |a BIBEDU  |b BIBEDU  |d 2019-11-20  |i 1183532  |o 780.943613 EWE 1946  |p 1183532  |r 2023-01-12  |w 2019-11-20  |y BK  |k MUS